000 00200nam a2200097Ia 4500
008 240331s9999 xx 000 0 und d
082 _bGOO
100 _aGooneratne,Y
245 4 _aThe sweet
942 _cL
999 _c4525
_d4525